000 00833nam a2200241 i 4500
001 106073
003 ES-MaACL
007 t|
008 060925s1975 fr ||||1| fre d
080 _a343.255.5(44)
080 _a32(44)"1945/1958"
100 1 _aVidal-Naquet, Pierre.
_9114505
245 1 3 _aLa torture dans la république
_b: essaie d'histoire et de politique contemporaines (1954-1962) /
_cPierre Vidal-Naquet.
260 _aParis :
_bLes Editions de Minuit,
_c[1975]
300 _a199 p. ;
_c18 cm.
490 1 _aPetite collection Maspero ;
_v143
500 _aBiblioteca Juan Andrade.
650 1 4 _aTortura-
_zFrancia.
_917570
651 4 _aFrancia-
_xPolítica y gobierno-
_y1945-1958.
_98708
830 0 _aPetite collection Maspero ;
_v143
_9179674
852 _aES-MaACL
_jAND-800
_bR.110095
999 _c106073
_d106073